MARC

LEADER 00000nam0a2200000 4500
001 336995
005 20231102004916.0
035 |a (RuTPU)RU\TPU\book\363456 
090 |a 336995 
100 |a 20171030d1978 k y0rusy50 ca 
101 0 |a rus 
102 |a RU 
105 |a a z 001zy 
200 1 |a Повышение эффективности и надежности радиоэлектронных систем  |h Вып. 8  |e межвузовский сборник научных трудов  |f Ленинградский электротехнический институт (ЛЭТИ) ; отв. ред. В. И. Раков 
210 |a Ленинград  |c Изд-во ЛЭТИ  |d 1978 
215 |a 166 с.  |c ил. 
320 |a Библиография в конце статей 
606 1 |a Радиоэлектронные системы  |x Надежность  |2 stltpush  |3 (RuTPU)RU\TPU\subj\23561  |9 48135 
610 1 |a оценка эффективности 
610 1 |a технико-экономические показатели 
610 1 |a надежность 
610 1 |a замирания 
610 1 |a сигналы 
610 1 |a навигация 
610 1 |a спектры 
610 1 |a радиомаяки 
610 1 |a помехи 
610 1 |a измерения 
610 1 |a коды 
610 1 |a диапазоны 
610 1 |a волноводы 
675 |a 621.396.6.019.3  |v 4 
702 1 |a Раков  |b В. И.  |4 340 
712 0 2 |a Ленинградский электротехнический институт (ЛЭТИ)  |2 stltpush  |3 (RuTPU)RU\TPU\col\289 
801 1 |a RU  |b 63413507  |c 20171030 
801 2 |a RU  |b 63413507  |c 20171030  |g RCR 
942 |c BK